Customary Land And Adat Perpateh

Bibliographic Details
Format: Book
Published: 1975
Subjects:

MARC

LEADER 00000cam a2200000 7i4500
001 0000016663
005 20060619.0
040 |a INS 
090 0 0 |a KK199 
245 1 0 |a Customary Land And Adat Perpateh 
260 |a 1975 
300 |a 15p. ;   |c 29 cm. 
650 0 0 |a Land use   |z Malaysia   |x Law and legislation 
999 |a KK00000466   |b BOOK   |c Open Shelf   |e Default branch 
999 |a KK00000930   |b BOOK   |c Project papers   |e Default branch 
999 |a KK00000931   |b BOOK   |c Project papers   |e Default branch 
999 |a KK00000932   |b BOOK   |c Project papers   |e Default branch 
999 |a KK00000933   |b BOOK   |c Project papers   |e Default branch 
999 |a KK00000934   |b BOOK   |c Project papers   |e Default branch 
999 |a KK00000935   |b BOOK   |c Project papers   |e Default branch